Beszállítói portfólió és kapcsolatok elemzése egy hazai bérgyártó vállalat gyakorlatában

Bibliographic Details
Main Author: Melich Alex Flórián
Other Authors: Mosonyiné Ádám Gizella
Németh Dániel
Format: Thesis
Kulcsszavak:beszállító(k)
beszerzési stratégia
ellátási lánc - ellátó hálózat
kapcsolatok kezelése
orvostechnika
Online Access:http://dolgozattar.uni-bge.hu/59110

MARC

LEADER 00000nta a2200000 i 4500
001 dolg59110
005 20251027143002.0
008 251027suuuu hu om 000 hun d
040 |a BGE Dolgozattár Repozitórium  |b hun 
041 |a hu 
100 1 |a Melich Alex Flórián 
245 1 0 |a Beszállítói portfólió és kapcsolatok elemzése egy hazai bérgyártó vállalat gyakorlatában  |c Melich Alex Flórián  |h [elektronikus dokumentum] 
520 3 |a A dolgozat célja egy hazai orvostechnikai bérfejlesztő és bérgyártó vállalat beszállítói hálózatának és kapcsolatrendszerének elemzése, valamint a gyakorlat és az elméleti modellek összevetése. Az elméleti keretek megalapozása után a beszállítói bázis szegmentálása a Kraljic-mátrix alapján történt. Ezt követően a vállalat számára kiemelt jelentőségű termékkategória, a stratégiai tételek mélyebb elemzését végeztem el és megvizsgáltam az adott csoporthoz tartozó beszállítói kapcsolatokat a Bensou-mátrix segítségével, amely alapján, egy partner esetében, a vállalat helyzete fogoly vevőként jellemezhető. A dolgozat további részeiben megvizsgáltam és javaslatot tettem arra, hogy milyen módon lehetséges elmozdulni ebből a pozícióból egy stratégiai együttműködés irányába. 
695 |a beszállító(k) 
695 |a beszerzési stratégia 
695 |a ellátási lánc - ellátó hálózat 
695 |a kapcsolatok kezelése 
695 |a orvostechnika 
700 1 |a Mosonyiné Ádám Gizella  |e ths 
700 1 |a Németh Dániel  |e ths 
856 4 0 |u http://dolgozattar.uni-bge.hu/59110/1/Melich%20Alex_EP0K02_Szakdolgozat.pdf  |z Dokumentum-elérés 
856 4 0 |u http://dolgozattar.uni-bge.hu/59110/2/Szadolgozat%20bels%C5%91%20b%C3%ADr%C3%A1lat%20Melich%20Alex%202025.pdf  |z Dokumentum-elérés 
856 4 0 |u http://dolgozattar.uni-bge.hu/59110/3/Szakdolgozat%20b%C3%ADr%C3%A1lat%20-%20Melich%20Alex%20Fl%C3%B3ri%C3%A1n%20szakdolgozat%C3%A1hoz.pdf  |z Dokumentum-elérés